System modeling and simulation: An introduction

Spremljeno u:
Bibliografski detalji
Glavni autor: Frank L. Severance
Format: Knjiga
Jezik:Undetermined
Izdano: Chichester, England John Wiley and Sons 2001
Teme:
Oznake: Dodaj oznaku
Bez oznaka, Budi prvi tko označuje ovaj zapis!
Thư viện lưu trữ: Trung tâm Học liệu Trường Đại học Cần Thơ
LEADER 00484nam a2200169Ia 4500
001 CTU_56306
008 210402s9999 xx 000 0 und d
082 |a 003.3 
082 |b S498 
100 |a Frank L. Severance 
245 0 |a System modeling and simulation: An introduction 
245 0 |c Frank L. Severance 
260 |a Chichester, England 
260 |b John Wiley and Sons 
260 |c 2001 
650 |a system theory 
980 |a Trung tâm Học liệu Trường Đại học Cần Thơ